000 00981cam a2200325 a 4500
001 57989
003 CO-BoRNBP
005 20250813221146.0
007 ta
008 011123r20012000sp jr 00011dspa d
020 _a8420441740
040 _ala
_cla
041 0 _aspa
043 _ae-sp---
082 0 4 _aI863.6
_bG65s
_219 ed.
100 1 _aGómez, Ricardo,
_d1954-
245 1 3 _aLa selva de los números /
_cRicardo Gómez ; ilustraciones Tesa González.
250 _aEditora Martha Higueras Díez.
300 _a116 p. ;
_c20 cm.
336 _2rdacontent
_atexto
_btxt
337 _2rdamedia
_asin mediación
_bn
338 _2rdacarrier
_avolumen
_bnc
650 7 _aCuentos infantiles españoles.
_2BLAAUTO
_9725
650 7 _aAnimales
_vCuentos.
_2BLAAUTO
_9745
650 7 _aNúmeros
_v Cuentos.
_2BLAAUTO
700 1 _aHigueras Díez, Marta,
_eed.
_961655
830 0 _aLista Básica-Bibliotécas Públicas 1.
_942791
942 _2ddc
_cBK
949 _an
_bn
999 _c57989
_d57989